True Blue

Bibliographic Details
Main Author: Shahnil Asmar Saaid
Format: Book

MARC

LEADER 00000cam a2200000 7i4500
001 0000007933
002 000008507
005 20000330.0
020 |a 9839806521 
090 0 0 |a F   |b SHA 
100 0 |a Shahnil Asmar Saaid 
245 1 0 |a True Blue   |c Shahnil Asmar Saaid 
999 |a 049196   |b BUKU   |c PINJAMAN   |e PERPUSTAKAAN KOMUNITI PETALING JAYA 
999 |a 049197   |b BUKU   |c PINJAMAN   |e PERPUSTAKAAN KOMUNITI PETALING JAYA 
999 |a 054684   |b BUKU   |c FICTION   |e PERPUSTAKAAN KOMUNITI CAW KOTA DAMANSARA 
999 |a 054685   |b BUKU   |c FICTION   |e PERPUSTAKAAN KOMUNITI CAW KOTA DAMANSARA